Výpadek elektrického proudu může přijít draho

Bibliographic Details
Main Author: Hábovčík, Ivan (Author)
Format: Article
Language:Slovak
Czech
PhysicalDescription:Graf
ISSN:1335-2237
Subjects:

MARC

LEADER 00000nab a2200000 a 4500
001 vtls009454370
003 SK-MaSNL
005 20260304215834.0
008 250507c2008 xo |||||||||||000 b|slo
015 |a SNBRB2008/12  |2 snkbucl 
035 |a (uuid)eeec09fe-44f3-43d4-984c-8e52ca6b8600 
035 |a urn:nbn:sk:snk-abc4en 
035 |a (urnnbn)urn:nbn:sk:snk:ar-001j00 
038 |a SNKBUCL 
040 |a SNKBUCL  |b slo  |c SNKBUCL  |e AACR2 
041 0 |a cze 
044 |a xo  |c SK 
080 |a 004.056:621.3.014  |2 2001 
080 |a [007+004]:658  |2 2001 
080 |a 621.3.014  |2 2001 
080 |a 658.012.45  |2 2001 
100 1 |a Hábovčík, Ivan  |4 aut  |9 820379 
245 1 0 |a Výpadek elektrického proudu může přijít draho  |c Ivan Habovčík 
300 |b Graf 
650 0 7 |a informačná bezpečnosť  |2 snkbucl  |9 72884 
650 0 7 |a počítačová bezpečnosť  |2 snkbucl  |9 29531 
650 0 7 |a podnikové informačné systémy  |2 snkbucl  |9 68605 
650 0 7 |a výpadky elektrického prúdu  |2 snkbucl  |9 887722 
773 0 |t AT&P journal  |g Roč. XV, č. 7 (2008), s. 63  |x 1335-2237 
850 |a Slovenská národná knižnica 
852 |a Slovenská národná knižnica 
954 |a odborná, vedecká literatúra cudzojazyčná (svetová)  |2 lita 
958 |a article15 
958 |a OND 
958 |a EUIPO 
999 |c 3148471  |d 3150401